000 00322pam a2200157a 44500
008 230515b2018 xxu||||| |||| 00| 0 eng d
020 _aNULL
041 _aENGLISH
082 _a610
100 _aNULL
245 _aNEONATAL EMERGENCIES
250 _a0
260 _a
_bC B S
_c2018
300 _a394
650 _aNULL
999 _c532014
_d532014